00493nam a2200217Ia 4500008004100000020001800041050001400059100001700073245001700090245003200107245002000139260001500159260001600174260000900190300001600199300002000215300001000235300001600245440000600261500000800267170918s9999 xx 000 0 und d a9789810919207 bS795 2015 aWatson, Jude aJedi quest : bthe way of the apprentice / cby Jude Watson. aNew York : bScholastic, c2015 a160 pages : billustrations ; c19cm. eStar wars ; a1 a580